000 02462cam a2200349 a 4500
003 OSt
005 20210520154620.0
008 110922s2010 ck abd r 101 0 spa d
020 _a9583801607
020 _a9789583801600
040 _aFXG
_cCO-JMCR
041 0 _aspa
082 0 4 _a330.9861 /
_bS471e
_223
111 2 _aSeminario internacional sobre historia económica colombiana del siglo XIX
_d(2007 ago. 15-16
_cBogotá, Colombia)
_937737
245 1 0 _aEconomía colombiana del siglo XIX
_ceditores Adolfo Meisel Roca y María Teresa Ramírez
246 3 _aEconomía colombiana del siglo 19
246 3 _aEconomía colombiana del siglo diecinueve
250 _aPrimera edición
260 _aBogotá :
_bFondo de Cultura Económica :
_bBanco de la República,
_c2010.
300 _a723 páginas :
_bilustraciones, gráficas, mapas y tablas en blanco y negro ;
_c24 cm +
_e1 CD-ROM (34.8 MB ; 12 cm.)
490 0 _aSección de obras de economía
501 _aCon: notas a pie de página.
504 _aBibliografía: páginas 689-705
505 _aPrecios y salarios urbanos en el siglo XIX. -- Las finanzas públicas en el siglo XIX. -- Financiamiento interno de Colombia en el siglo XIX, 1820-1920. -- El sector externo de la economía Colombiana en el siglo XIX. -- Conflicto de tierra, derechos de propiedad y surgimiento de la economía exportadora. -- El ingreso colombiano en el siglo XIX. -- La demografía de Colombia en el siglo XIX. -- El surgimiento de la educación en Colombia. --La manumisión en Colombia, 1821-1851, un análisis cuantitativo. -- El problema de los transportes en Colombia en el siglo XIX. -- Constituciones y crecimiento económico en la Colombia del siglo XIX. -- Élites, propiedad y desigualdad: los determinantes de la detentación de los cargos públicos en Antioquia durante el siglo XIX. -- Inseguridad y desarrollo económico en Colombia en el primer siglo de vida de la Republicana independiente: Unas consideraciones preliminares.
650 1 4 _aEconomía colombiana
_xHistoria
_ySiglo XIX
_vCongresos
_937738
651 2 4 _aColombia
_xCondiciones económicas
_ySiglo XIX
_vCongresos
_937739
651 2 4 _aColombia
_xPolítica económica
_ySiglo XIX
_vCongresos
_937740
700 1 _aMeisel Roca, Adolfo
_eeditora
_97353
700 1 _aRamírez, María Teresa
_eeditor
_97479
942 _2ddc
_cBK
999 _c11732
_d11732